[Event "C.to Provinciale MO"]
[Site "Modena ITA"]
[Date "2012.12.14"]
[Round "1"]
[White "Ballista, Massimiliano"]
[Black "Setti, Roberto"]
[Result "1-0"]
[WhiteElo "1653"]
[BlackElo "1976"]
[PlyCount "61"]
[EventDate "2012.12.14"]

1. e4 e5 2. Bc4 Nf6 3. d3 Be7 4. Nf3 Nc6 5. c3 O-O 6. O-O d5 7. exd5 Nxd5 8.
Re1 Bf6 9. Nbd2 a6 10. Ne4 Be7 11. Bb3 Bg4 12. h3 Bh5 13. Ng3 Bxf3 14. Qxf3 Nf6
15. Nf5 Ne8 16. Nxe7+ Qxe7 17. d4 Kh8 18. dxe5 Nxe5 19. Qe2 f6 20. f4 Nf3+ 21.
gxf3 Qc5+ 22. Be3 Qh5 23. Kh2 Nd6 24. Qg2 Rfe8 25. Rad1 Re7 26. Bf2 Rae8 27.
Rxe7 Rxe7 28. Re1 Rxe1 29. Bxe1 Qf5 30. Qg4 Qb1 31. Qe6 1-0

[Event "C.to Provinciale MO"]
[Site "Modena ITA"]
[Date "2012.12.14"]
[Round "1"]
[White "Boschesi, Giovanni"]
[Black "Ferraguti, Francesco"]
[Result "0-1"]
[WhiteElo "1629"]
[BlackElo "1914"]
[PlyCount "74"]
[EventDate "2012.12.14"]

1. e4 e5 2. Nf3 Nc6 3. Bb5 g6 4. c3 Bg7 5. O-O Nge7 6. d3 O-O 7. Qe2 d6 8. h3
h6 9. Rd1 f5 10. Ba4 Kh7 11. Bc2 f4 12. b3 g5 13. Nh2 Qe8 14. Bb2 Qg6 15. d4 h5
16. f3 Ng8 17. Na3 Nh6 18. Qf2 Bf6 19. Nc4 g4 20. hxg4 hxg4 21. fxg4 Nxg4 22.
Nxg4 Qxg4 23. Qf3 Qh4 24. Rd3 Bg4 25. Qf1 Rg8 26. Bd1 Bh3 27. Bf3 Rg3 28. Rad1
Rag8 29. Qe2 Qg5 30. R1d2 exd4 31. e5 dxe5 32. Be4+ Bf5 33. Rxg3 fxg3 34. Bc1
Kh8 35. Rd1 Qh4 36. Qf3 Bxe4 37. Qxe4 Qxe4 0-1

[Event "C.to Provinciale MO"]
[Site "Modena ITA"]
[Date "2012.12.14"]
[Round "1"]
[White "Dionigi, Riccardo"]
[Black "Pomante, Sergio"]
[Result "1-0"]
[WhiteElo "1910"]
[BlackElo "1629"]
[PlyCount "43"]
[EventDate "2012.12.14"]

1. d4 c5 2. d5 g6 3. Nc3 Bg7 4. e4 d6 5. Be2 e6 6. Nf3 Nf6 7. O-O O-O 8. Nd2 e5
9. Nc4 a6 10. a4 Qc7 11. f4 Nbd7 12. fxe5 dxe5 13. a5 b5 14. axb6 Nxb6 15. d6
Qb7 16. Nxe5 Nxe4 17. Nxe4 Bxe5 18. Bf3 Bd4+ 19. Kh1 Nd5 20. c3 f5 21. Nxc5 Qf7
22. Qxd4 1-0

[Event "C.to Provinciale MO"]
[Site "Modena ITA"]
[Date "2012.12.14"]
[Round "1"]
[White "Garofalo, Sergio"]
[Black "Faglioni, Isacco"]
[Result "1-0"]
[WhiteElo "1826"]
[BlackElo "1574"]
[PlyCount "64"]
[EventDate "2012.12.14"]

1. d4 d5 2. Nf3 Nf6 3. Nbd2 Bf5 4. Nh4 Bc8 5. Nhf3 e6 6. e3 Nbd7 7. Bd3 c5 8.
b3 Bd6 9. Bb2 a6 10. Ne5 Qc7 11. f4 Rb8 12. Rb1 b5 13. c4 Be7 14. O-O Nxe5 15.
fxe5 Nd7 16. Qe2 h6 17. Rf2 bxc4 18. bxc4 Bg5 19. Nf3 Be7 20. Rbf1 Rb6 21. Ba3
cxd4 22. Bxe7 dxe3 23. Qxe3 Kxe7 24. cxd5 exd5 25. Nd4 Rf8 26. Nf5+ Kd8 27. Nd6
f6 28. Rc1 Rc6 29. Rxc6 Qxc6 30. Rc2 Qa4 31. Rxc8+ Ke7 32. Nf5+ Kf7 1-0

[Event "C.to Provinciale MO"]
[Site "Modena ITA"]
[Date "2012.12.14"]
[Round "1"]
[White "Landi, Roberto"]
[Black "Sacchetti, Andrea"]
[Result "0-1"]
[WhiteElo "1599"]
[BlackElo "1865"]
[PlyCount "80"]
[EventDate "2012.12.14"]

1. d4 d5 2. Bf4 Nf6 3. e3 e6 4. Nd2 Nbd7 5. Ngf3 Be7 6. h3 a6 7. c4 dxc4 8.
Bxc4 b5 9. Be2 Bb7 10. a3 O-O 11. b4 Nd5 12. Bh2 Bd6 13. Ne4 Bxh2 14. Nxh2 Nxe3
15. fxe3 Bxe4 16. O-O Qg5 17. Bf3 Qxe3+ 18. Kh1 Bxf3 19. Qxf3 Qxf3 20. Nxf3 Nf6
21. Rac1 Nd5 22. Ne5 a5 23. bxa5 Rxa5 24. Rb1 Rxa3 25. Rxb5 Ra4 26. Nf3 Rfa8
27. Ng5 Ra1 28. Rxa1 Rxa1+ 29. Kh2 Ra8 30. Rb3 h6 31. Nf3 f6 32. Kg3 Kf7 33.
Rd3 Rc8 34. Rb3 g5 35. Kf2 Kg6 36. Rb2 Ra8 37. Ng1 Ra4 38. Ne2 h5 39. Rc2 f5
40. Nc3 Rc4 0-1

[Event "C.to Provinciale MO"]
[Site "Modena ITA"]
[Date "2012.12.14"]
[Round "1"]
[White "Paoli, Walter"]
[Black "Solinas, Roberto"]
[Result "1-0"]
[WhiteElo "2045"]
[BlackElo "1693"]
[PlyCount "84"]
[EventDate "2012.12.14"]

1. Nf3 d5 2. c4 e6 3. cxd5 exd5 4. d4 Nf6 5. Bg5 Be7 6. e3 c6 7. Bd3 h6 8. Bxf6
Bxf6 9. Nc3 Be6 10. Rc1 Nd7 11. O-O O-O 12. Bb1 g6 13. Ne2 Bg7 14. Nf4 Qf6 15.
h3 Bf5 16. Bxf5 Qxf5 17. Nd3 Rfe8 18. Qb3 Reb8 19. Rc3 Qe6 20. Rfc1 Kh7 21. a4
a5 22. Qc2 Qe7 23. Nd2 Qd8 24. Nb3 Nb6 25. Nbc5 Nd7 26. Nxd7 Qxd7 27. Rb3 Qd8
28. Qe2 Qe7 29. Qf3 f5 30. Qf4 Rd8 31. Nc5 Ra7 32. Rb6 Bf6 33. Rc3 Bg5 34. Qe5
Qxe5 35. dxe5 d4 36. exd4 Rxd4 37. g3 Bd2 38. Rd3 Rd5 39. Rxd5 cxd5 40. Kf1 Bb4
41. Nxb7 Ra8 42. Nd6 Re8 1-0

[Event "C.to Provinciale MO"]
[Site "Modena ITA"]
[Date "2012.12.14"]
[Round "1"]
[White "Tazzioli, Luca"]
[Black "Castelli, Antonio"]
[Result "1-0"]
[WhiteElo "1933"]
[BlackElo "1651"]
[PlyCount "35"]
[EventDate "2012.12.14"]

1. e4 e5 2. Nf3 Nf6 3. Bc4 Nc6 4. Ng5 d5 5. exd5 Na5 6. Bb5+ Bd7 7. Qe2 Bd6 8.
d4 Nxd5 9. Qh5 g6 10. Qf3 f6 11. Qxd5 fxg5 12. Bxd7+ Qxd7 13. Qxa5 Qc6 14. O-O
exd4 15. Re1+ Kd7 16. Bxg5 h6 17. Bh4 g5 18. Qf5+ 1-0

[Event "C.to Provinciale MO"]
[Site "Modena ITA"]
[Date "2012.12.14"]
[Round "1"]
[White "Trenti, Matteo"]
[Black "Sasdelli, Massimo"]
[Result "0-1"]
[WhiteElo "1569"]
[BlackElo "1799"]
[PlyCount "84"]
[EventDate "2012.12.14"]

1. e4 e5 2. Nf3 Nc6 3. Bc4 Bc5 4. d3 Nf6 5. c3 a6 6. Bb3 d6 7. Nbd2 Bg4 8. O-O
O-O 9. Re1 Bh5 10. Nf1 Qd7 11. Ng3 Bg6 12. Be3 Ba7 13. Bc2 Rfe8 14. Bxa7 Rxa7
15. d4 exd4 16. cxd4 Nb4 17. a3 Nxc2 18. Qxc2 c6 19. Nh4 Raa8 20. Nxg6 hxg6 21.
Rad1 Rac8 22. e5 Nd5 23. exd6 f5 24. Re5 Qxd6 25. Rde1 Re7 26. Qd2 Rce8 27. Qg5
Rxe5 28. dxe5 Rxe5 29. Rxe5 Qxe5 30. Qd8+ Kf7 31. Qd7+ Qe7 32. Qxe7+ Kxe7 33.
Kf1 Kd6 34. Ke1 Nf4 35. Kf1 Kd5 36. Ne2 Nxe2 37. Kxe2 Kc4 38. Kd2 Kb3 39. Kc1
c5 40. f4 c4 41. Kd2 Kxb2 42. a4 c3+ 0-1

[Event "C.to Provinciale MO"]
[Site "Modena ITA"]
[Date "2012.12.14"]
[Round "1"]
[White "Wang, Cesare"]
[Black "Di Trapani, Davide"]
[Result "0-1"]
[WhiteElo "1694"]
[BlackElo "2090"]
[PlyCount "60"]
[EventDate "2012.12.14"]

1. d4 d5 2. c4 c6 3. Nf3 Nf6 4. e3 e6 5. Nc3 Nbd7 6. Qc2 Bd6 7. Bd3 O-O 8. O-O
dxc4 9. Bxc4 a6 10. e4 e5 11. Rd1 Qc7 12. Bg5 exd4 13. Rxd4 Ng4 14. h3 Nge5 15.
Nxe5 Nxe5 16. Be2 h6 17. Bh4 Ng6 18. Bg3 Bxg3 19. fxg3 Qxg3 20. Kh1 Bxh3 21.
gxh3 Qxh3+ 22. Kg1 Qe3+ 23. Kh1 Qxd4 24. Rd1 Qf2 25. Rf1 Qh4+ 26. Kg1 Nf4 27.
Bf3 Rad8 28. Ne2 Qg5+ 29. Kh2 Nxe2 30. Qxe2 Rd2 0-1

[Event "C.to Provinciale MO"]
[Site "Modena ITA"]
[Date "2012.12.15"]
[Round "2"]
[White "Del Gaiso, Massimo"]
[Black "Tazzioli, Luca"]
[Result "0-1"]
[WhiteElo "1714"]
[BlackElo "1933"]
[PlyCount "70"]
[EventDate "2012.12.14"]

1. Nf3 d5 2. c4 e6 3. b3 Nf6 4. Bb2 Be7 5. g3 O-O 6. Bg2 c6 7. O-O dxc4 8. bxc4
Nbd7 9. d3 Qc7 10. Nbd2 b6 11. Nb3 c5 12. Nfd4 Bb7 13. Nb5 Qc8 14. e4 h6 15. a4
Rd8 16. f4 Nb8 17. f5 exf5 18. Rxf5 Bxe4 19. Bxe4 Nxe4 20. Qg4 Nf6 21. Qf4 Na6
22. Re1 Qd7 23. d4 cxd4 24. N3xd4 Nc5 25. Qc7 Nd3 26. Rxe7 Qxc7 27. Rxc7 Nxb2
28. Nxa7 Rxd4 29. Nc6 Rxc4 30. Ne7+ Kf8 31. Rb7 Nxa4 32. Re5 Re4 33. Nc6 Rxe5
34. Nxe5 Re8 35. Nxf7 Re7 0-1

[Event "C.to Provinciale MO"]
[Site "Modena ITA"]
[Date "2012.12.15"]
[Round "2"]
[White "Frignani, Alessandro"]
[Black "Dionigi, Riccardo"]
[Result "0-1"]
[WhiteElo "1344"]
[BlackElo "1910"]
[PlyCount "94"]
[EventDate "2012.12.14"]

1. e4 e5 2. Bc4 Nf6 3. Qf3 Nc6 4. Ne2 Bc5 5. a3 a6 6. b4 Ba7 7. d3 h6 8. Be3 d6
9. h3 Be6 10. Ba2 Bxa2 11. Rxa2 O-O 12. Bxa7 Rxa7 13. Qe3 Ra8 14. c4 Ne7 15.
Nbc3 Ng6 16. g3 c6 17. Na4 d5 18. f3 Qe7 19. c5 a5 20. Qd2 Rfd8 21. Qc2 Nf8 22.
Nb6 Ra6 23. Nc3 dxe4 24. Nxe4 Nxe4 25. dxe4 Ne6 26. O-O Nd4 27. Qb2 Qe6 28. Kg2
axb4 29. a4 b3 30. Raa1 Nc2 31. Rf2 Nxa1 32. Qxa1 Rd3 33. Qb2 Qe7 34. Qa3 Rxb6
35. Rb2 Rc3 36. a5 Rb5 37. g4 Qxc5 38. Qxc5 Rcxc5 39. Kg3 g5 40. h4 Rc2 41. Rb1
b2 42. hxg5 hxg5 43. Kh3 Rc1 44. Rxb2 Rxb2 45. Kg3 Rcc2 46. f4 exf4+ 47. Kf3
Rb3# 0-1

[Event "C.to Provinciale MO"]
[Site "Modena ITA"]
[Date "2012.12.15"]
[Round "2"]
[White "Sacchetti, Andrea"]
[Black "Zuccaro, Guido"]
[Result "1-0"]
[WhiteElo "1865"]
[BlackElo "1738"]
[PlyCount "61"]
[EventDate "2012.12.14"]

1. d4 d5 2. c4 c6 3. e3 Nf6 4. Nc3 e6 5. Nf3 Bd6 6. Qc2 Nbd7 7. Bd2 dxc4 8.
Bxc4 b5 9. Bd3 a6 10. Ne4 Nxe4 11. Bxe4 Bb7 12. Bxc6 Rc8 13. Bxd7+ Qxd7 14. Qd1
O-O 15. O-O Qe7 16. a3 Rfd8 17. Ba5 Re8 18. Qe2 Qf6 19. Rac1 Qh6 20. h3 g5 21.
Nh2 f5 22. f3 Qg6 23. Bb4 Bg3 24. Rc5 Bd5 25. Rfc1 Bc4 26. Qc2 Ra8 27. e4 Rad8
28. b3 Bxb3 29. Qxb3 fxe4 30. fxe4 Qxe4 31. Qxg3 1-0

[Event "C.to Provinciale MO"]
[Site "Modena ITA"]
[Date "2012.12.15"]
[Round "2"]
[White "Sasdelli, Massimo"]
[Black "Paoli, Walter"]
[Result "1-0"]
[WhiteElo "1799"]
[BlackElo "2045"]
[PlyCount "120"]
[EventDate "2012.12.14"]

1. c4 Nf6 2. g3 e5 3. Bg2 Nc6 4. Nf3 Bc5 5. Nc3 d6 6. d3 h6 7. a3 a5 8. b3 O-O
9. O-O Be6 10. Bb2 Qc8 11. e3 Bg4 12. Qd2 Qf5 13. Ne1 Bh3 14. Ne4 Bxg2 15.
Nxf6+ Qxf6 16. Kxg2 Qg6 17. Rd1 Bb6 18. Nc2 Ne7 19. e4 f5 20. f3 f4 21. d4 fxg3
22. hxg3 exd4 23. Nxd4 Bxd4 24. Qxd4 b6 25. Qc3 Rf7 26. Rd3 Raf8 27. Re3 Qg5
28. f4 Qg4 29. f5 Qg5 30. Ref3 Nc6 31. Bc1 Qe7 32. Rf4 Ne5 33. Rh4 Nd7 34. Qd4
Qe5 35. Bb2 Qxd4 36. Bxd4 Re8 37. Kf3 Nf8 38. Rh2 Nh7 39. Re2 Ng5+ 40. Kf4 Rfe7
41. Rfe1 a4 42. b4 b5 43. cxb5 Rb8 44. e5 Rxb5 45. exd6 Rxe2 46. Rxe2 cxd6 47.
Re8+ Kf7 48. Ra8 Rd5 49. Ra7+ Ke8 50. Bxg7 Nf7 51. Ra8+ Kd7 52. Rxa4 Rd1 53.
Ra7+ Ke8 54. f6 Rf1+ 55. Ke3 Re1+ 56. Kf2 Re5 57. Ra8+ Kd7 58. Ra7+ Ke8 59. b5
Nd8 60. Bxh6 Rxb5 1-0

[Event "C.to Provinciale MO"]
[Site "Modena ITA"]
[Date "2012.12.15"]
[Round "2"]
[White "Setti, Roberto"]
[Black "Landi, Roberto"]
[Result "1-0"]
[WhiteElo "1976"]
[BlackElo "1599"]
[PlyCount "111"]
[EventDate "2012.12.14"]

1. g3 d5 2. Nf3 Nf6 3. Bg2 c5 4. b3 e6 5. Bb2 Be7 6. O-O O-O 7. d3 Nc6 8. Nbd2
Nd7 9. e4 Bf6 10. c3 d4 11. Qc2 dxc3 12. Bxc3 Bxc3 13. Qxc3 Qf6 14. Rac1 Qxc3
15. Rxc3 Rd8 16. Rd1 Nd4 17. Nxd4 cxd4 18. Rc7 Ne5 19. Nc4 Nc6 20. e5 Rd7 21.
Rxc6 bxc6 22. Bxc6 Rb8 23. Bxd7 Bxd7 24. Nd6 Bb5 25. Nxb5 Rxb5 26. Rc1 g6 27.
f4 g5 28. Kf2 g4 29. Rc2 h5 30. Rc4 Rd5 31. Ke1 Kg7 32. Kd2 a5 33. Kc2 f6 34.
exf6+ Kxf6 35. a3 e5 36. fxe5+ Kxe5 37. b4 axb4 38. axb4 Kd6 39. Kb3 Rf5 40.
Rxd4+ Kc6 41. Rc4+ Kb6 42. Rc5 Rxc5 43. bxc5+ Kxc5 44. Kc3 Kd5 45. d4 Ke4 46.
Kc4 Kf3 47. d5 Kg2 48. d6 Kxh2 49. d7 Kxg3 50. d8=Q Kh3 51. Kd3 h4 52. Ke2 Kg3
53. Kf1 h3 54. Kg1 Kf3 55. Qd5+ Kg3 56. Qd3+ 1-0

[Event "C.to Provinciale MO"]
[Site "Modena ITA"]
[Date "2012.12.15"]
[Round "3"]
[White "Dionigi, Riccardo"]
[Black "Di Trapani, Davide"]
[Result "1/2-1/2"]
[WhiteElo "1910"]
[BlackElo "2090"]
[PlyCount "57"]
[EventDate "2012.12.14"]

1. d4 d5 2. c4 e6 3. Nc3 c6 4. Nf3 Nf6 5. e3 Nbd7 6. Qc2 Bd6 7. b3 O-O 8. Be2
e5 9. cxd5 cxd5 10. Nb5 Bb4+ 11. Bd2 Bxd2+ 12. Nxd2 e4 13. Rc1 Nb6 14. Qc7 Bd7
15. Qxd8 Rfxd8 16. O-O Bxb5 17. Bxb5 a6 18. Be2 Nc8 19. Rc7 Nd6 20. Rfc1 Nfe8
21. R7c5 Nf5 22. Nb1 Ne7 23. R5c2 f5 24. Nc3 Kf7 25. Na4 Rac8 26. Rxc8 Rxc8 27.
Rxc8 Nxc8 28. Nc5 Ncd6 29. g4 1/2-1/2

[Event "C.to Provinciale MO"]
[Site "Modena ITA"]
[Date "2012.12.15"]
[Round "3"]
[White "Ferraguti, Francesco"]
[Black "Sasdelli, Massimo"]
[Result "1/2-1/2"]
[WhiteElo "1914"]
[BlackElo "1799"]
[PlyCount "39"]
[EventDate "2012.12.14"]

1. d4 Nf6 2. c4 e6 3. Nf3 b6 4. a3 Ba6 5. Bg5 Bxc4 6. Qc2 Ba6 7. g3 Be7 8. Bg2
Bb7 9. O-O O-O 10. Nc3 c6 11. e4 h6 12. Be3 d6 13. Rfd1 Nbd7 14. h3 d5 15. e5
Nh7 16. b4 Qc7 17. Rac1 Rfc8 18. Qe2 Qd8 19. Ne1 a5 20. Nc2 1/2-1/2

[Event "C.to Provinciale MO"]
[Site "Modena ITA"]
[Date "2012.12.15"]
[Round "3"]
[White "Garofalo, Sergio"]
[Black "Castelli, Antonio"]
[Result "0-1"]
[WhiteElo "1826"]
[BlackElo "1651"]
[PlyCount "124"]
[EventDate "2012.12.14"]

1. d4 a6 2. Nf3 b5 3. e3 Bb7 4. Nbd2 e6 5. Bd3 c5 6. dxc5 Bxc5 7. O-O Nf6 8. a3
d5 9. b4 Ba7 10. Bb2 Nbd7 11. Qe2 Nb6 12. Rad1 Qe7 13. Bd4 Nc4 14. Ra1 O-O 15.
Nb3 e5 16. Bxc4 dxc4 17. Bc5 Bxc5 18. Nxc5 Bxf3 19. Qxf3 Nd7 20. Nxd7 Qxd7 21.
Rfd1 Qe7 22. Rd5 f6 23. Rad1 Rfd8 24. h3 Kf8 25. Rd7 Qe8 26. Qc6 Rxd7 27. Rxd7
Kg8 28. Qd5+ Kh8 29. Qb7 Rb8 30. Qc7 Rc8 31. Re7 Qf8 32. Qd7 Rd8 33. Rf7 Qg8
34. Qe7 Re8 35. Qb7 h6 36. Rd7 Rb8 37. Qc6 Ra8 38. Kh2 Qe8 39. Qd5 Qg8 40. Kg3
Qxd5 41. Rxd5 Ra7 42. Kf3 Kg8 43. Ke4 Kf7 44. Rd6 a5 45. bxa5 Rxa5 46. Rb6 Rxa3
47. Rxb5 Ra2 48. c3 Rc2 49. f4 exf4 50. exf4 Rxc3 51. Kd4 Rg3 52. Rb2 c3 53.
Rc2 Ke6 54. Ke4 Kd6 55. f5 Kc5 56. Kf4 Rd3 57. g3 Kc4 58. Re2 Rd7 59. Re6 c2
60. Kf3 Kd3 61. Re3+ Kd2 62. Re2+ Kd1 0-1

[Event "C.to Provinciale MO"]
[Site "Modena ITA"]
[Date "2012.12.15"]
[Round "3"]
[White "Paoli, Walter"]
[Black "Ballista, Massimiliano"]
[Result "1-0"]
[WhiteElo "2045"]
[BlackElo "1653"]
[PlyCount "65"]
[EventDate "2012.12.14"]

1. Nf3 d5 2. c4 e6 3. cxd5 exd5 4. d4 Bd6 5. Bg5 Nf6 6. e3 Bf5 7. Bd3 Bxd3 8.
Qxd3 Nbd7 9. Nc3 c6 10. O-O O-O 11. a3 Re8 12. b4 b5 13. Rfc1 Nb6 14. Ne2 Nc4
15. Bxf6 Qxf6 16. Nd2 Qh6 17. Ng3 Re6 18. Nxc4 bxc4 19. Qd2 Rae8 20. a4 f5 21.
f4 Qf6 22. Nf1 Qe7 23. b5 Bb4 24. Qc2 c5 25. Qxf5 Qd6 26. Rd1 Bc3 27. dxc5 Qxc5
28. Rxd5 Qe7 29. Rad1 Rxe3 30. Rd7 Qe4 31. Qf7+ Kh8 32. Rd8 Re2 33. Qf8+ 1-0

[Event "C.to Provinciale MO"]
[Site "Modena ITA"]
[Date "2012.12.15"]
[Round "3"]
[White "Tazzioli, Luca"]
[Black "Sacchetti, Andrea"]
[Result "1/2-1/2"]
[WhiteElo "1933"]
[BlackElo "1865"]
[PlyCount "110"]
[EventDate "2012.12.14"]

1. e4 e5 2. Nf3 d6 3. Bc4 Be7 4. d4 exd4 5. Nxd4 Nf6 6. Nc3 O-O 7. O-O Re8 8.
f4 Bf8 9. Qf3 a6 10. Be3 c5 11. Nb3 Bg4 12. Qg3 Be6 13. Bxe6 Rxe6 14. e5 dxe5
15. fxe5 Nfd7 16. Rad1 Qc8 17. Nd5 Nxe5 18. Bf4 Nbd7 19. Rde1 Bd6 20. Nb6 Nxb6
21. Bxe5 Bxe5 22. Rxe5 Rxe5 23. Qxe5 Nd7 24. Qf5 f6 25. Qd5+ Kh8 26. Rd1 c4 27.
Nd4 Ne5 28. Nf5 h6 29. Nd6 Qc6 30. Nxb7 Qxd5 31. Rxd5 Rb8 32. Rd8+ Rxd8 33.
Nxd8 c3 34. bxc3 Nc4 35. Nc6 Kg8 36. Kf2 Kf7 37. Ke2 Ke6 38. Kd3 Ne5+ 39. Nxe5
Kxe5 40. c4 a5 41. c5 Kd5 42. c6 Kxc6 43. Ke4 g6 44. h4 h5 45. Kd4 Kd6 46. c3
Kc6 47. Kc4 g5 48. g3 gxh4 49. gxh4 a4 50. a3 f5 51. Kd4 f4 52. Ke4 Kc5 53.
Kxf4 Kc4 54. Kg5 Kb3 55. Kxh5 Kxa3 1/2-1/2

[Event "C.to Provinciale MO"]
[Site "Modena ITA"]
[Date "2012.12.15"]
[Round "3"]
[White "Wang, Cesare"]
[Black "Setti, Roberto"]
[Result "0-1"]
[WhiteElo "1694"]
[BlackElo "1976"]
[PlyCount "120"]
[EventDate "2012.12.14"]

1. d4 b5 2. e3 Bb7 3. Nf3 a6 4. c4 bxc4 5. Bxc4 e6 6. Nc3 Nf6 7. O-O Be7 8. Bd3
O-O 9. e4 h6 10. Qb3 Qc8 11. Bf4 d5 12. e5 Nfd7 13. Ne2 c5 14. Rac1 Nc6 15. Bb1
f5 16. Rfd1 a5 17. Be3 a4 18. Qc3 c4 19. a3 Na5 20. Nf4 Qc6 21. Ng6 Rf7 22. g3
Nb3 23. Rc2 Qb6 24. Ba2 Nf8 25. Nxe7+ Rxe7 26. h3 g5 27. Kg2 Bc6 28. h4 g4 29.
Nh2 h5 30. Re2 Qa5 31. Qc2 Be8 32. Bxb3 axb3 33. Qc1 Nh7 34. Bd2 Qa6 35. Ree1
Rg7 36. Bb4 Qb7 37. Qf4 Qf7 38. Nf1 Nf8 39. Bd2 Ng6 40. Qh6 Rh7 41. Qg5 Qe7 42.
Rc1 Qxg5 43. Bxg5 Rf7 44. f3 f4 45. fxg4 hxg4 46. Nh2 fxg3 47. Kxg3 Ne7 48.
Bxe7 Rxe7 49. Nxg4 Rg7 50. Kh3 Bg6 51. Nf6+ Kf7 52. Rg1 Rh8 53. h5 Bxh5 54.
Rxg7+ Kxg7 55. Rg1+ Bg6+ 56. Kg3 Rc8 57. Kf4 c3 58. Nh5+ Kf7 59. Kg5 cxb2 60.
Rf1+ Bf5 0-1

[Event "C.to Provinciale MO"]
[Site "Modena ITA"]
[Date "2012.12.16"]
[Round "4"]
[White "Del Gaiso, Massimo"]
[Black "Faglioni, Isacco"]
[Result "0-1"]
[WhiteElo "1714"]
[BlackElo "1574"]
[PlyCount "68"]
[EventDate "2012.12.14"]

1. Nf3 d5 2. c4 d4 3. b3 c5 4. Bb2 Nc6 5. g3 e5 6. d3 f5 7. Nbd2 Nf6 8. Bg2 e4
9. dxe4 fxe4 10. Nxd4 cxd4 11. Nxe4 Nxe4 12. Bxe4 Bb4+ 13. Kf1 Bh3+ 14. Kg1 O-O
15. Qd3 Qf6 16. f4 h6 17. Bg2 Bxg2 18. Kxg2 Rad8 19. a3 Bc3 20. Rab1 Rfe8 21.
Bc1 Qe6 22. Kf3 Rf8 23. Kg2 Rde8 24. Kf1 Ne5 25. Qc2 Ng4 26. h3 Ne3+ 27. Bxe3
Qxe3 28. Rg1 Kh8 29. Rd1 g5 30. Rd3 Qe4 31. Rg2 gxf4 32. Rxc3 dxc3 33. Qxc3+
Re5 34. Rf2 Qh1# 0-1

[Event "C.to Provinciale MO"]
[Site "Modena ITA"]
[Date "2012.12.16"]
[Round "4"]
[White "Di Trapani, Davide"]
[Black "Tazzioli, Luca"]
[Result "1-0"]
[WhiteElo "2090"]
[BlackElo "1933"]
[PlyCount "83"]
[EventDate "2012.12.14"]

1. e4 c5 2. Nf3 Nf6 3. e5 Nd5 4. Nc3 e6 5. Nxd5 exd5 6. d4 d6 7. Bb5+ Bd7 8.
Bxd7+ Nxd7 9. O-O dxe5 10. Nxe5 Nxe5 11. Re1 Bd6 12. dxe5 Bc7 13. Qg4 Qd7 14.
e6 Qd6 15. exf7+ Kxf7 16. Qf3+ Kg6 17. g3 Qd7 18. h4 h5 19. Bf4 Qf5 20. Re7
Bxf4 21. gxf4 Rhf8 22. Kh1 Qxf4 23. Rg1+ Kh6 24. Re6+ Kh7 25. Qxh5+ Kg8 26.
Rxg7+ Kxg7 27. Rg6+ Kf7 28. Rg4+ Ke6 29. Rxf4 Rxf4 30. Qh6+ Ke5 31. Qg7+ Ke4
32. Qe7+ Kf5 33. Qf7+ Ke5 34. Qe7+ Kf5 35. Kg2 Rg8+ 36. Kf1 Rfg4 37. Qxc5 Rg1+
38. Ke2 Re8+ 39. Kf3 Rd1 40. h5 Kg5 41. Qc7 Rf8+ 42. Ke2 1-0

[Event "C.to Provinciale MO"]
[Site "Modena ITA"]
[Date "2012.12.16"]
[Round "4"]
[White "Frignani, Alessandro"]
[Black "Ferraguti, Francesco"]
[Result "0-1"]
[WhiteElo "1344"]
[BlackElo "1914"]
[PlyCount "70"]
[EventDate "2012.12.14"]

1. e4 e5 2. Bc4 Nc6 3. Qf3 Nf6 4. Qb3 Nd4 5. Qd3 d5 6. Bxd5 Nxd5 7. exd5 Bf5 8.
Qc4 Nxc2+ 9. Kd1 Nxa1 10. g4 Bxb1 11. d3 Bc2+ 12. Kd2 Qg5+ 13. f4 Qxf4+ 14.
Qxf4 exf4 15. Ne2 Bb4+ 16. Nc3 O-O 17. b3 Bxb3 18. axb3 Nxb3+ 19. Kc2 Nxc1 20.
Rxc1 Bxc3 21. Kxc3 g5 22. Rb1 b6 23. Kd2 a5 24. Kc3 a4 25. Kb2 Rfd8 26. Rc1 a3+
27. Ka2 Rxd5 28. Rd1 f3 29. d4 c5 30. Rd3 Rxd4 31. Rxf3 Rd2+ 32. Ka1 a2 33. Rf1
b5 34. h3 b4 35. Rc1 b3 0-1

[Event "C.to Provinciale MO"]
[Site "Modena ITA"]
[Date "2012.12.16"]
[Round "4"]
[White "Landi, Roberto"]
[Black "Wang, Cesare"]
[Result "1-0"]
[WhiteElo "1599"]
[BlackElo "1694"]
[PlyCount "65"]
[EventDate "2012.12.14"]

1. d4 d5 2. Bf4 c6 3. e3 Nf6 4. Nd2 Qb6 5. Rb1 Bg4 6. Be2 Bxe2 7. Nxe2 Nbd7 8.
h3 e6 9. c3 Be7 10. O-O O-O 11. Qb3 Qa6 12. Rfe1 Rac8 13. Bh2 c5 14. a3 b6 15.
Qd1 Qb7 16. Kh1 a5 17. Ng1 b5 18. a4 cxd4 19. exd4 b4 20. cxb4 Qxb4 21. Ngf3
Nb6 22. b3 Nfd7 23. Qe2 Rc2 24. Rec1 Rfc8 25. Qd1 Rxc1 26. Rxc1 Rf8 27. Qe1 Bf6
28. Qe3 h6 29. Rc6 Re8 30. Bd6 Nc4 31. Nxc4 Qb7 32. Nxa5 Qa8 33. Qc3 1-0

[Event "C.to Provinciale MO"]
[Site "Modena ITA"]
[Date "2012.12.16"]
[Round "4"]
[White "Sacchetti, Andrea"]
[Black "Paoli, Walter"]
[Result "0-1"]
[WhiteElo "1865"]
[BlackElo "2045"]
[PlyCount "72"]
[EventDate "2012.12.14"]

1. Nf3 Nf6 2. g3 g6 3. Bg2 Bg7 4. O-O c5 5. d3 Nc6 6. e4 d6 7. Nc3 O-O 8. Be3
e5 9. Qd2 Nd4 10. Nd5 Nxd5 11. exd5 Nxf3+ 12. Bxf3 f5 13. Bh6 Bd7 14. Bxg7 Kxg7
15. h4 f4 16. Kg2 Qc8 17. Rh1 h5 18. Rae1 Rf7 19. c3 Bg4 20. Be4 Qd7 21. f3
fxg3 22. Qg5 Bf5 23. Kxg3 Raf8 24. Ref1 Bxe4 25. dxe4 Rf4 26. Rf2 R8f6 27. Rhf1
Qa4 28. b3 Qb5 29. c4 Qb4 30. Kh3 Qc3 31. Qg2 a5 32. Rc2 Rxf3+ 33. Rxf3 Rxf3+
34. Kh2 Qe3 35. Re2 Qf4+ 36. Kg1 Rg3 0-1

[Event "C.to Provinciale MO"]
[Site "Modena ITA"]
[Date "2012.12.16"]
[Round "4"]
[White "Sasdelli, Massimo"]
[Black "Dionigi, Riccardo"]
[Result "0-1"]
[WhiteElo "1799"]
[BlackElo "1910"]
[PlyCount "134"]
[EventDate "2012.12.14"]

1. c4 Nf6 2. g3 e6 3. Bg2 d5 4. Nf3 Be7 5. b3 O-O 6. O-O b6 7. Bb2 Bb7 8. d4
Nbd7 9. Nc3 c5 10. cxd5 Nxd5 11. Rc1 Bf6 12. Ne4 Be7 13. Nc3 Rc8 14. Nxd5 Bxd5
15. e3 Bf6 16. Qd2 Qe7 17. Ba3 Rfd8 18. Qe2 Qe8 19. e4 Bb7 20. Rfd1 cxd4 21.
Rxc8 Rxc8 22. Nxd4 Be7 23. Bb2 a6 24. Bh3 Nc5 25. f3 Rd8 26. Nc2 Rd7 27. Rxd7
Qxd7 28. Bf1 a5 29. Ne3 Ba6 30. Nc4 Qd8 31. Qd2 Qc7 32. Be5 Qc6 33. Bb2 Bb7 34.
Kg2 f6 35. Kg1 Nxe4 36. fxe4 Qxe4 37. Bg2 Bc5+ 38. Kh1 Qb1+ 39. Bc1 Bxg2+ 40.
Kxg2 Qe4+ 41. Kf1 Qh1+ 42. Ke2 Qxh2+ 43. Kd1 Qxg3 44. Kc2 Qc7 45. Kb1 Bb4 46.
Qe2 e5 47. Qe4 Bc5 48. Qd5+ Kf8 49. Qa8+ Ke7 50. Qe4 g6 51. Qh4 Ke6 52. Nd2 Qd7
53. Qh3+ f5 54. Nc4 a4 55. Kc2 e4 56. Bb2 Bd4 57. Ba3 b5 58. Nb2 Qc7+ 59. Kb1
e3 60. Nd3 Qc3 61. Nf4+ Ke5 62. Nxg6+ hxg6 63. Qh8+ Ke4 64. Qh1+ Kd3 65. Qf1+
e2 66. Qf3+ Kd2 67. Qf4+ Be3 0-1

[Event "C.to Provinciale MO"]
[Site "Modena ITA"]
[Date "2012.12.16"]
[Round "4"]
[White "Solinas, Roberto"]
[Black "Zuccaro, Guido"]
[Result "0-1"]
[WhiteElo "1693"]
[BlackElo "1738"]
[PlyCount "114"]
[EventDate "2012.12.14"]

1. d4 d5 2. c4 c6 3. cxd5 cxd5 4. Nc3 Nf6 5. Bg5 e6 6. e3 Bb4 7. a3 Ba5 8. b4
Bc7 9. Bd3 Nbd7 10. Rc1 a6 11. Qa4 O-O 12. Nf3 Nb6 13. Qb3 Bd7 14. Ne5 Rc8 15.
O-O h6 16. Bh4 Be8 17. f4 Bd6 18. Bb1 Nc4 19. Nxc4 Rxc4 20. Qc2 g6 21. Qd3 Be7
22. Ba2 Rc7 23. Rfd1 Qc8 24. Bxf6 Bxf6 25. Qd2 Qd7 26. e4 dxe4 27. Nxe4 Bg7 28.
d5 exd5 29. Nc5 Qc8 30. Qxd5 b6 31. Nd3 Bc6 32. Qb3 Qg4 33. Rd2 Bd4+ 34. Kf1
Be3 35. Rxc6 Rxc6 36. Re2 Bxf4 37. Rf2 Rf6 38. g3 Qh3+ 39. Ke1 Re6+ 40. Kd1
Qg4+ 41. Kc2 Re2+ 42. Kb1 Rxf2 43. Nxf2 Qf5+ 44. Nd3 Bg5 45. h4 Qf1+ 46. Kb2
Bf6+ 47. Kc2 Qe2+ 48. Kb1 Qe4 49. Kc2 Qg2+ 50. Kd1 Qxg3 51. Qc4 Bxh4 52. Qd5
Qg1+ 53. Kc2 Rc8+ 54. Kd2 Bg5+ 55. Ke2 Rc2+ 56. Kf3 Qe3+ 57. Kg4 h5# 0-1